The northern Adriatic ecosystem : deep time in a shallow sea (Record no. 61480)

MARC details
000 -LEADER
fixed length control field 00783nam a2200241Ia 4500
008 - FIXED-LENGTH DATA ELEMENTS--GENERAL INFORMATION
fixed length control field 191130s2007##################000#0#eng##
020 ## - INTERNATIONAL STANDARD BOOK NUMBER
ISBN 9780231132428
082 ## - DEWEY DECIMAL CLASSIFICATION NUMBER
Classification number 577.7385 MCK
100 ## - MAIN ENTRY--AUTHOR NAME
Personal name McKinney, Frank K
245 ## - TITLE STATEMENT
Title The northern Adriatic ecosystem : deep time in a shallow sea
Statement of responsibility, etc Frank K. McKinney
250 ## - EDITION STATEMENT
Edition statement 1st ed
260 ## - PUBLICATION, DISTRIBUTION, ETC. (IMPRINT)
Place of publication New York
Name of publisher Columbia University Press
Year of publication 2007
300 ## - PHYSICAL DESCRIPTION
Number of Pages xxii, 299 p. : ill., maps ; 27 cm
500 ## - GENERAL NOTE
General note Includes bibliographical references (p. [255]-287) and index
650 ## - SUBJECT ADDED ENTRY--TOPICAL TERM
Topical Term Marine ecology - Adriatic Sea
Topical Term Paleoecology - Adriatic Sea
Topical Term Paleoecology - Paleozoic
991 ## -
-- 244653
Holdings
Withdrawn status Lost status Damaged status Not for loan Home library Current library Shelving location Date acquired Full call number Accession Number Price effective from Koha item type
        Anna Centenary Library Anna Centenary Library 5TH FLOOR, A WING 09.10.2020 577.7385 MCK 168439 09.10.2020 English Books

Find us on the map